000 00512nam a22001577a 4500
999 _c60793
_d60793
005 20231023161811.0
008 231023s1964 ru ||||| |||| 00| 0 rus d
041 _arus
080 _a94(37) C-32
100 _aСергеенко, М. E.
_920186
245 _aПростые люди древней Италии /
_cM. E. Сергеенко.
264 _aМосква-Ленинград:
_b"Наука",
_c1964.
300 _a160 стр.:
_bил.;
_c20 см.
653 _aისტორია
942 _2udc
_cBK